Betónové konštrukcie výkresová dokumentácia - pomôcka pre cvičenie

Bibliographic Details
Main Authors: Hájek, František, 1941- (Author), Bolha, Ľubomír, 1941- (Author)
Format: Book
Language:Slovak
PhysicalDescription:202 s. Sch., tab. 29 cm
Published: Bratislava Slovenská technická univerzita 1996
ISBN:8022708518
Edition:2. vyd.
Series:Edícia skrípt
Subjects:

MARC

LEADER 00000nam a2200000 a 4500
001 vtls001219846
003 SK-MaSNL
005 20260301194830.0
008 251113s1996 xo ap r yy slo
015 |a SNBA1996/0902550 
020 |a 8022708518  |c 42,00 Sk (200 výt.) 
035 |a SNK000164318 
035 |a urn:nbn:sk:snk-amtiv4 
035 |a urn:nbn:sk:snk-am00c5to 
035 |a 9C2704CA-2F29-493C-92DA-1B6834423803 
040 |a SNK  |b slo  |c SNK  |e AACR2 
041 0 |a slo 
044 |a xo  |c SK 
080 |a 624.012.3/.4(075.8)(076.5)  |2 1981 
100 1 |a Hájek, František,  |d 1941-  |4 aut  |9 116521 
245 1 0 |a Betónové konštrukcie  |b výkresová dokumentácia - pomôcka pre cvičenie  |c František Hájek, Ľubomír Bolha 
250 |a 2. vyd. 
260 |a Bratislava  |b Slovenská technická univerzita  |c 1996 
300 |a 202 s.  |b Sch., tab.  |c 29 cm 
490 1 |a Edícia skrípt 
504 |a Bibliogr. s. 196-199 
650 0 7 |a konštrukcie betónové  |x cvičenia  |2 SNK  |9 575985 
655 7 |a Textbooks (higher)  |2 SNKPHeng  |9 276436 
655 7 |a učebnice vysokých škôl  |2 SNKPH  |9 70191 
700 1 |a Bolha, Ľubomír,  |d 1941-  |4 aut  |9 121057 
810 2 |a Slovenská technická univerzita v Bratislave.  |b Stavebná fakulta  |t Edícia skrípt  |9 189967 
919 |a 80-227-0851-8 
958 0 7 |a RM 
958 0 7 |a NB 
958 0 7 |a UV 
958 |a OND 
999 |c 883255  |d 885185 
952 |t P60, <09>, [BOOK], {629}  |a SNK  |b SNK  |y NEVYP  |7 0  |o snkB 763  |i snk2730/960819  |0 0  |1 0  |4 0  |d 1996-08-16  |l 0  |r 2005-01-01 00:00:00  |w 2026-02-24 
952 |t P60, <03>, [BOOK], {603}  |a SNK  |b SNK  |y PREZ  |7 0  |p 17A0008276  |o snkSB 55759  |i snkKSP 6455/96  |0 0  |1 0  |4 0  |d 1996-08-16  |f 1  |l 0  |r 2025-03-28 00:00:00  |w 2026-02-24 
952 |t P60, <04>, [BOOK], {604}  |a SNK  |b SNK  |y VYP  |7 0  |p 17A0008275  |o snkSB 55759 D1  |i snkKSP 6456/96  |0 0  |1 0  |4 0  |d 1996-08-16  |l 0  |r 2005-01-01 00:00:00  |w 2026-02-24